000 01312cam a22003257a 4500
001 16452370
003 OSt
005 20150408114201.0
008 100909s2010 enk b 001 0 eng
010 _a 2010502927
015 _aGBB055257
_2bnb
016 7 _a015540664
_2Uk
020 _a9780199655915
020 _a0199590613 (hbk.)
035 _a(OCoLC)ocn587229715
040 _aUKM
_cUKM
_dBTCTA
_dYDXCP
_dBWK
_dBWX
_dCDX
_dFDA
_dDLC
042 _aukblcatcopy
_alccopycat
050 0 0 _aBD111
_b.A69 2010
082 0 4 _a110
_222
_bADS
100 1 _aArmstrong, D. M.
_q(David Malet),
_d1926-
_941743
245 1 0 _aSketch for a systematic metaphysics /
_cD.M. Armstrong.
260 _aOxford ;
_aNew York :
_bClarendon Press,
_cc2010.
300 _axi, 125 p. ;
_c21 cm.
504 _aIncludes bibliographical references (p. [116]-120) and index.
505 0 _aProperties -- Relations -- States of affairs -- Laws of nature -- Reaching to dispositionalism -- Particulars -- Truthmakers -- Possibility, actuality, necessity -- Limits -- Absences -- The rational disciplines : logic and mathematics -- Numbers -- Classes -- Time -- Mind.
650 0 _aMetaphysics.
_941620
906 _a7
_bcbc
_ccopycat
_d2
_encip
_f20
_gy-gencatlg
942 _2ddc
_cDVD
999 _c33005
_d267505